<?xml version="1.0" encoding="UTF-8"?>
<record
    xmlns:xsi="http://www.w3.org/2001/XMLSchema-instance"
    xsi:schemaLocation="http://www.loc.gov/MARC21/slim http://www.loc.gov/standards/marcxml/schema/MARC21slim.xsd"
    xmlns="http://www.loc.gov/MARC21/slim">

  <leader>01328nam a2200205 a 4500</leader>
  <controlfield tag="008">180524e2007    ag ||||g |||| 00| f spa d</controlfield>
  <datafield tag="020" ind1=" " ind2=" ">
    <subfield code="a">9789502804460</subfield>
  </datafield>
  <datafield tag="041" ind1=" " ind2=" ">
    <subfield code="a">spa</subfield>
  </datafield>
  <datafield tag="092" ind1=" " ind2=" ">
    <subfield code="c">808</subfield>
    <subfield code="l">32</subfield>
    <subfield code="s">HAR</subfield>
  </datafield>
  <datafield tag="100" ind1="1" ind2=" ">
    <subfield code="a">Harris, Joanne</subfield>
    <subfield code="9">3958</subfield>
  </datafield>
  <datafield tag="245" ind1=" " ind2=" ">
    <subfield code="a">Zapatos de caramelo /</subfield>
    <subfield code="c">Joanne Harris</subfield>
  </datafield>
  <datafield tag="250" ind1=" " ind2=" ">
    <subfield code="a">1a ed.</subfield>
    <subfield code="b">Traducci&#xF3;n Margarita Cav&#xE1;ndoli</subfield>
  </datafield>
  <datafield tag="260" ind1=" " ind2=" ">
    <subfield code="a">Buenos Aires:</subfield>
    <subfield code="b">Grijalbo;</subfield>
    <subfield code="c">2007.</subfield>
  </datafield>
  <datafield tag="300" ind1=" " ind2=" ">
    <subfield code="a">572 p.</subfield>
  </datafield>
  <datafield tag="500" ind1=" " ind2=" ">
    <subfield code="a">Harris, J. (2007). Zapatos de caramelo. (1a ed.). Buenos Aires : Grijalbo.</subfield>
  </datafield>
  <datafield tag="505" ind1=" " ind2=" ">
    <subfield code="a">Cuatro a&#xF1;os despu&#xE9;s de Chocolate, Yanne se ha instalado con sus hijas en una peque&#xF1;a bomboner&#xED;a escondida en medio de Montmartre. All&#xED; pretende vivir lejos de cualquier problema... y as&#xED; es hasta que llega Zozie, que irrumpe en sus vidas como un hurac&#xE1;n, con sus zapatos rojos y vestidos llamativos. Ayuda en la tienda, la pinta de arriba abajo, se convierte en la mejor amiga de todos.. o por lo menos eso es lo que parece. Zozie, tan despiadada como seductora, tiene sus propios planes: quiere apoderarse de la vida entera de Yanne que, para defender lo suyo, tendr&#xE1; que renunciar a la discreci&#xF3;n y luchar con todas sus armas contra una enemiga cuyos poderes son tan fuertes como los de ella misma. </subfield>
  </datafield>
  <datafield tag="590" ind1=" " ind2=" ">
    <subfield code="a">DONACION Victoria Lara mayo 2018</subfield>
  </datafield>
  <datafield tag="655" ind1=" " ind2=" ">
    <subfield code="a">Literatura</subfield>
    <subfield code="9">2917</subfield>
  </datafield>
  <datafield tag="942" ind1=" " ind2=" ">
    <subfield code="2">ddc</subfield>
    <subfield code="c">LIT</subfield>
  </datafield>
  <datafield tag="999" ind1=" " ind2=" ">
    <subfield code="c">2785</subfield>
    <subfield code="d">2785</subfield>
  </datafield>
  <datafield tag="952" ind1=" " ind2=" ">
    <subfield code="0">0</subfield>
    <subfield code="1">0</subfield>
    <subfield code="2">ddc</subfield>
    <subfield code="4">0</subfield>
    <subfield code="7">0</subfield>
    <subfield code="8">FIC</subfield>
    <subfield code="a">BFM</subfield>
    <subfield code="b">BFM</subfield>
    <subfield code="c">CR</subfield>
    <subfield code="d">2018-05-24</subfield>
    <subfield code="e">Donacion</subfield>
    <subfield code="l">1</subfield>
    <subfield code="o">808 32 HAR</subfield>
    <subfield code="p">4311</subfield>
    <subfield code="r">2024-09-25</subfield>
    <subfield code="s">2024-09-11</subfield>
    <subfield code="t">Ej. 1</subfield>
    <subfield code="w">2018-05-24</subfield>
    <subfield code="y">LIT</subfield>
    <subfield code="z">DONACION Victoria Lara mayo 2018</subfield>
  </datafield>
</record>
